|
|
|
|
| LEADER |
00000nab a2200000 a 4500 |
| 001 |
vtls000881454 |
| 003 |
SK-MaSNL |
| 005 |
20260304030527.0 |
| 008 |
140303c2004 xo 0 slo |
| 015 |
|
|
|a SNBRB2004/08-22785
|
| 035 |
|
|
|a CLN000232966
|
| 040 |
|
|
|a SNKBUCL
|b slo
|c SNKBUCL
|e AACR2
|
| 041 |
0 |
|
|a slo
|
| 044 |
|
|
|a xo
|c SK
|
| 080 |
|
|
|a 616.62-006
|2 1997
|
| 100 |
1 |
|
|a Cuninková, Martina,
|d 1977-
|4 aut
|9 213995
|
| 245 |
1 |
0 |
|a Ondrušov memoriál o nádoroch močového mechúra
|c Martina Cuninková, Dalibor Ondruš
|
| 300 |
|
|
|b Obr.
|
| 648 |
|
7 |
|a 2004
|2 snkbucl
|9 303492
|
| 650 |
0 |
7 |
|a patológia
|2 MESH
|9 900
|
| 650 |
0 |
7 |
|a konferencie
|2 MESH
|9 19221
|
| 650 |
0 |
7 |
|a kongresy
|2 MESH
|9 19200
|
| 650 |
0 |
7 |
|a močový mechúr
|2 MESH
|9 70115
|
| 650 |
0 |
7 |
|a nádory močového mechúra
|2 MESH
|9 20101
|
| 655 |
|
7 |
|a články z novín a časopisov
|2 snkbucl
|9 267496
|
| 700 |
1 |
|
|a Ondruš, Dalibor,
|d 1953-
|4 aut
|9 102851
|
| 773 |
0 |
|
|t [Príl.] Lekárske listy
|g Č. 17 (2004), s. 8-10
|x 1335-4477
|
| 773 |
0 |
|
|t Zdravotnícke noviny
|g Roč. 9, č. 17 (2004)
|x 1335-4477
|
| 850 |
|
|
|a Slovenská národná knižnica v Martine
|
| 852 |
|
|
|a SNK
|b KIS3GCP
|
| 958 |
|
|
|a MI
|
| 992 |
|
|
|a RBX
|
| 999 |
|
|
|c 2634472
|d 2636402
|